[Event "FRA-chT2 (Women)"]
[White "Smith, Vivien"]
[Black "Phung, Alice"]
[Site "Vezin Le Coquet"]
[Round "1.3"]
[Result "0-1"]
[Date "2017.01.15"]
[WhiteElo "1046"]
[BlackElo "1333"]
[PlyCount "44"]
[EventDate "2017.01.15"]
[EventType "team-match"]
[EventRounds "5"]
[EventCountry "FRA"]
[SourceTitle "EXT 2024"]
[Source "ChessBase"]
[SourceDate "2023.10.10"]
[SourceVersion "1"]
[SourceVersionDate "2023.10.10"]
[SourceQuality "1"]

1. Nf3 d5 2. g3 c5 3. b3 Nf6 4. d3 e6 5. Bg2 Be7 6. Bb2 Bd7 7. Nbd2 Nc6 8. 0-0 0-0 9. c4 d4 10. Re1 Qc7 11. e4 dxe3 12. Rxe3 Ng4 13. Re2 Bf6 14. Bxf6 Nxf6 15. Ne4 Ng4 16. d4 cxd4 17. Nxd4 Nxd4 18. Qxd4 Bc6 19. f3 Rad8 20. Qc3 Bxe4 21. Rxe4 Qc5+ 22. Kf1 Qf2# 0-1